| 000 | 00520nam a2200145 a 4500 | ||
|---|---|---|---|
| 001 | 000031744 | ||
| 005 | 20200930063140.0 | ||
| 008 | 110701nuuuuuuuudr 000 | spa d | ||
| 040 |
_aDO-SdBNP _bspa _cBNPHU |
||
| 110 | 1 |
_aRepública Dominicana. _bSecretaría de Estado de Deportes, Educación Física y Recreación. _bCentro de Capacitación Técnica Deportiva _957988 |
|
| 245 | 1 | 0 |
_aMétodo del rating provincial : _bajedrez. |
| 260 |
_a[Santo Domingo] : _b[s.n.], _c[19--?]. |
||
| 300 |
_a16 p. ; _c21 cm. |
||
| 049 | _aBNPD | ||
| 999 |
_c31236 _d31236 |
||